Серверное приложение формирования документов рабочего места преподавателя в системе управления качеством в вузе; Молодежь и современные информационные технологии

Bibliographic Details
Parent link:Молодежь и современные информационные технологии.— 2007.— [С. 33-34]
Main Author: Дорофеев В. А. Вадим Анатольевич
Other Authors: Ботыгин И. А. Игорь Александрович
Summary:Заглавие с титульного листа.
Language:Russian
Published: 2007
Subjects:
Online Access:http://www.lib.tpu.ru/fulltext/c/2007/C04/018.pdf
Format: Electronic Book Chapter
KOHA link:https://koha.lib.tpu.ru/cgi-bin/koha/opac-detail.pl?biblionumber=611508

MARC

LEADER 00000naa2a2200000 4500
001 611508
005 20240201132048.0
035 |a (RuTPU)RU\TPU\conf\9304 
035 |a RU\TPU\conf\7845 
090 |a 611508 
100 |a 20150401d2007 k y0rusy50 ca 
101 0 |a rus 
102 |a RU 
105 |a y z 101zy 
135 |a drcn ---uucaa 
181 0 |a i  
182 0 |a b 
200 1 |a Серверное приложение формирования документов рабочего места преподавателя в системе управления качеством в вузе  |f В. А. Дорофеев, И. А. Ботыгин 
203 |a Текст  |c электронный 
215 |a 1 файл (924 Кб) 
300 |a Заглавие с титульного листа. 
320 |a [Библиогр.: с. 34 (3 назв.)] 
337 |a Adobe Reader 
463 1 |0 (RuTPU)RU\TPU\conf\314  |t Молодежь и современные информационные технологии  |o сборник трудов V Всероссийской научно-практической конференции студентов, аспирантов и молодых ученых, г. Томск, 27 февраля - 1 марта 2007 г.  |f Томский политехнический университет (ТПУ), Институт "Кибернетический центр" ; под ред. А. И. Кочегурова и др.  |v [С. 33-34]  |d 2007 
610 1 |a труды учёных ТПУ 
610 1 |a электронный ресурс 
610 1 |a серверные приложения 
610 1 |a документы 
610 1 |a рабочее место 
610 1 |a преподаватели 
610 1 |a учебные процессы 
610 1 |a вузы 
610 1 |a СМК 
610 1 |a менеджмент качества 
700 1 |a Дорофеев  |b В. А.  |c специалист в области информатики и вычислительной техники  |c старший преподаватель Томского политехнического университета  |f 1980-  |g Вадим Анатольевич  |3 (RuTPU)RU\TPU\pers\25931  |9 11782 
701 1 |a Ботыгин  |b И. А.  |c специалист в области информатики и вычислительной техники  |c доцент Томского политехнического университета, кандидат технических наук  |f 1947-  |g Игорь Александрович  |3 (RuTPU)RU\TPU\pers\25190  |9 11270 
801 2 |a RU  |b 63413507  |c 20180116  |g RCR 
856 4 |u http://www.lib.tpu.ru/fulltext/c/2007/C04/018.pdf 
942 |c BK